Estatísticas para Flórida

Clique aqui para jogar o quiz

Estatísticas Gerais

  • Esse quiz foi jogado 9 vezes
  • A pontuação média é 3 de 15

Estatísticas das Respostas

Resposta% Correto
Orlando
100%
SeaWorld Orlando
100%
Epcot
17%
Estação da Força Espacial de Cabo Canaveral
17%
Magic Kingdom
17%
Disney's Animal Kingdom
0%
Disney's Hollywood Studios
0%
Jacksonville
0%
Kennedy Space Center
0%
Legoland Florida
0%
Maimi
0%
Parque Nacional Everglades
0%
Tallahassee
0%
Universal Orlando Resort
0%
Walt Disney World Resort
0%

Distribuição das Pontuações

Percentil de Números Respondidos

Porcentagem de Pessoas com Cada Pontuação

Sua Pontuação Histórica

Você não jogou esse quiz